Breeding plantation tree crops: Temperate species (Record no. 43007)

MARC details
000 -LEADER
fixed length control field 00436nam a2200157Ia 4500
020 ## - INTERNATIONAL STANDARD BOOK NUMBER
ISBN 9780387712024
082 ## - DEWEY DECIMAL CLASSIFICATION NUMBER
Classification number 575:631.52:633
Item number JAI
100 ## - MAIN ENTRY--AUTHOR NAME
Personal name Jain, S Mohan
245 #0 - TITLE STATEMENT
Title Breeding plantation tree crops: Temperate species
260 ## - PUBLICATION, DISTRIBUTION, ETC. (IMPRINT)
Place of publication USA
Name of publisher Springer Science
Year of publication 2009
650 ## - SUBJECT ADDED ENTRY--TOPICAL TERM
Topical Term Plantation tree crops
650 ## - SUBJECT ADDED ENTRY--TOPICAL TERM
Topical Term Tree breeding
700 ## - ADDED ENTRY--PERSONAL NAME
Personal name Priyadarshan, P M
942 ## - ADDED ENTRY ELEMENTS (KOHA)
Koha item type Books
Holdings
Withdrawn status Lost status Damaged status Not for loan Home library Current library Date acquired Cost, normal purchase price Full call number Accession Number Koha item type
        RRII Library RRII Library 16/12/2021 219.00 575:631.52:633 JAI 23271 Books